La primera gran empresa de los argentinos : el ferrocarril del Oeste, (1854-1862) /

Guardado en:
Autor Principal: Schvarzer, Jorge.
Otros Autores: Gómez, Teresita.
Formato: Libro
Idioma:Spanish
Publicado: Buenos Aires : Fondo de Cultura Económica, 2006.
Edición:1a. ed.
Series:Sección de obras de historia
Materias:
Etiquetas: Agregar Etiqueta
Sin Etiquetas, Sea el primero en etiquetar este registro!
LEADER 00784cam a22002295a 4500
001 EEO.eeo000950
008 061010s2006####ag#####g######000#0#spa##
005 20160316131641.0
245 1 3 |a La primera gran empresa de los argentinos :  |b el ferrocarril del Oeste, (1854-1862) /  |c Jorge Schvarzer, Teresita Gómez. 
250 |a 1a. ed. 
260 |a Buenos Aires :  |b Fondo de Cultura Económica,  |c 2006. 
300 |a 267 p. ;  |c 21 cm. 
440 0 |a Sección de obras de historia 
020 |a 950557679X 
100 1 |a Schvarzer, Jorge. 
700 1 |a Gómez, Teresita. 
650 7 |a Gran empresa.  |2 Isoc 
650 7 |a Ferrocarriles.  |2 Isoc 
650 7 |a Estaciones de ferrocarril.  |2 Isoc 
010 |a  2007355728 
040 |a DLC  |c DLC 
859 |a AR-BaUEB  |b BIB. ECONOMIA - General  |h 385.1  |i Sch89  |p e13925